Ο άνθρωπος που έβλεπε τα τρένα να περνούν
Αποθηκεύτηκε σε:
| Κύριος συγγραφέας: | |
|---|---|
| Άλλοι συγγραφείς: | |
| Μορφή: | Βιβλίο |
| Γλώσσα: | Greek French |
| Δημοσίευση: |
Αθήνα :
Άγρα,
2004.
|
| Σειρά: | Αστυνομική λογοτεχνία (Άγρα)
|
| Θέματα: | |
| Ετικέτες: |
Προσθήκη ετικέτας
Δεν υπάρχουν, Καταχωρήστε ετικέτα πρώτοι!
|
MARC
| LEADER | 00000cam a2200000 i 4500 | ||
|---|---|---|---|
| 001 | 1/89048 | ||
| 008 | 051114s2004 gr | ||| ||| ||gre|| | ||
| 020 | |a 9603255645 | ||
| 035 | |l 10081230 | ||
| 040 | |a GR-MyUa |b gre |e AACR2 | ||
| 041 | 1 | |a gre |h fre | |
| 082 | 7 | |a 843 |2 (22) | |
| 100 | 1 | |a Simenon, Georges, |d 1903-1989. | |
| 245 | 1 | 2 | |a Ο άνθρωπος που έβλεπε τα τρένα να περνούν / |c Georges Simenon ; μετάφραση: Αργυρώ Μακάρωφ. |
| 260 | |a Αθήνα : |b Άγρα, |c 2004. | ||
| 300 | |a 305 σ. ; |c 17 εκ. | ||
| 490 | 1 | |a (Σειρά αστυνομικής λογοτεχνίας / Άγρα) | |
| 500 | |a Τίτλος πρωτοτύπου: L'homme qui regardait passer les trains. | ||
| 650 | 0 | |a French fiction. | |
| 700 | 1 | |a Μακάρωφ, Αργυρώ, |e trlf | |
| 830 | 0 | |a Αστυνομική λογοτεχνία (Άγρα) | |
| 852 | |a INST |b SYROS |e 20051114 |h 843 SIM |p 005500005146 |q 005500005146 |t BK |y 0 | ||
| 901 | |a BIBL5-2006-1 | ||
| 922 | |a 5ΕΛΗ |b 200511 |c Βιβλιοθήκη Σύρου |d Σελεφαΐς | ||
| 970 | |a Κοντού |b Παρασκευή |z 08/02/2006 | ||